<?xml version="1.0" encoding="UTF-8"?><?xml-stylesheet type="text/xsl" href="static/style.xsl"?><OAI-PMH xmlns="http://www.openarchives.org/OAI/2.0/" xmlns:xsi="http://www.w3.org/2001/XMLSchema-instance" xsi:schemaLocation="http://www.openarchives.org/OAI/2.0/ http://www.openarchives.org/OAI/2.0/OAI-PMH.xsd"><responseDate>2026-06-07T05:26:10Z</responseDate><request verb="GetRecord" identifier="oai:riuma.uma.es:10630/10859" metadataPrefix="marc">https://riuma.uma.es/rest/oai/request</request><GetRecord><record><header><identifier>oai:riuma.uma.es:10630/10859</identifier><datestamp>2026-02-03T12:18:22Z</datestamp><setSpec>com_10630_2254</setSpec><setSpec>col_10630_37959</setSpec></header><metadata><record xmlns="http://www.loc.gov/MARC21/slim" xmlns:dcterms="http://purl.org/dc/terms/" xmlns:doc="http://www.lyncode.com/xoai" xmlns:xsi="http://www.w3.org/2001/XMLSchema-instance" xsi:schemaLocation="http://www.loc.gov/MARC21/slim http://www.loc.gov/standards/marcxml/schema/MARC21slim.xsd">
   <leader>00925njm 22002777a 4500</leader>
   <datafield ind2=" " ind1=" " tag="042">
      <subfield code="a">dc</subfield>
   </datafield>
   <datafield ind2=" " ind1=" " tag="720">
      <subfield code="a">Malpartida Candel, Francisco</subfield>
      <subfield code="e">author</subfield>
   </datafield>
   <datafield ind2=" " ind1=" " tag="260">
      <subfield code="c">2015-12-22</subfield>
   </datafield>
   <datafield ind2=" " ind1=" " tag="520">
      <subfield code="a">En esta conferencia veremos las diferencias que existen entre el desarrollo de cualquier proyecto industrial y un proyecto opensource. Centraremos la atención en las diferencias fundamentales entre ambas formas de desarrollo con algunos ejemplos prácticos. Claramente la motivación es diferente, en ocasiones las formas también, y ambos tienen objetivos muy diferentes que pueden marcan la diferencia a la hora de desarrollar. Finalmente, veremos algunas claves para que la comunidad Maker sea capaz de aceptar con éxito un proyecto opensource y las razones por las que este colectivo es particular. Let’s make and create!</subfield>
   </datafield>
   <datafield ind1="8" ind2=" " tag="024">
      <subfield code="a">http://hdl.handle.net/10630/10859</subfield>
   </datafield>
   <datafield tag="653" ind2=" " ind1=" ">
      <subfield code="a">Ordenadores</subfield>
   </datafield>
   <datafield ind2="0" ind1="0" tag="245">
      <subfield code="a">¿Cómo se desarrolla un proyecto Opensource y para el movimiento Maker? - Lecciones aprendidas</subfield>
   </datafield>
</record>
</metadata></record></GetRecord></OAI-PMH>